History Quiz

Random History or Biography Quiz

Biography: M Quiz Stats

Quiz Updated Dec 21, 2015

Also try: Biography: H
Challenge
Share
Tweet
Embed
Score 0/20 Timer 06:00
0 Plays Today
Biography Channel Profile 'M' Person % Correct
He was a leader of the anti-apartheid movement who eventually became South Africa's first president to be elected in a fully democratic election. Nelson Mandela
97.8%
She is known for her constant reinvention as a performer. Her biggest hits include 'Papa Don't Preach,' 'Like a Prayer' and 'Vogue.'Madonna
95.6%
A singer, musician, and songwriter, he served as a world ambassador for reggae music. He sold more than 20 million records.Bob Marley
91.7%
A revolutionary, sociologist, historian, and economist, he published 'The Communist Manifesto,' the most celebrated pamphlet in the history of socialism.Karl Marx
91.4%
He was a famous French painter whose work gave a name to the art movement Impressionism which was concerned with capturing light and natural forms.Claude Monet
87%
He is an American cult leader whose followers carried out several notorious murders in the late 1960s and inspired the book 'Helter Skelter.'Charles Manson
85.1%
She married Prince William in 2011 at Westminster Abbey. Kate Middleton
80.4%
He wrote the classic American novel 'Moby-Dick,' a whaling adventure which is regarded as one of the greatest literary works of all time.Herman Melville
77.9%
He became one of the first openly gay officials in the U.S. when he was elected to the San Francisco Board of Supervisors in 1977. Tragically, he was killed the following year. Harvey Milk
75.3%
He wrote beloved classic children's books about the adventures of Christopher Robin and the toy animal Winnie-the-Pooh. A.A. Milne
71.7%
Biography Channel Profile 'M' Person % Correct
A Grammy award-winning pop singer, he was one of the leading performers in the 1980s. His 1987 album 'Faith' won a Grammy for Best Album of the Year. George Michael
69.6%
She was the fourth Prime Minister of Israel and the first woman to hold the office (1969-1974).Golda Meir
63.2%
He was a stockbrocker who ran his multi-billion dollar firm as a grand scale Ponzi scheme. He is currently serving a 150-year prison sentence.Bernard Madoff
62.3%
A Norwegian painter, he revolted against naturalism with Frieze of Life, which includes his iconic 'The Scream.'Edvard Munch
61.6%
He is a former NFL Raiders coach and Fox broadcaster. He has won 16 Emmy awards for outstanding sports personality/analyst.John Madden
61.3%
She is best known for her one novel, 'Gone with the Wind.'Margaret Mitchell
59.1%
He was best known for his work as a mime artist in France.Marcel Marceau
56.4%
He was a legendary drummer for the rock band The Who before his untimely death by an accidental drug overdose.Keith Moon
50.1%
As head of state from 1966–1986, he established an authoritarian regime in the Philippines that was accused of being corrupt.Ferdinand Marcos
50%
He is a playwright and screenwriter known for such heady works as 'American Buffalo' and 'Glengarry Glen Ross.'David Mamet
27%

You're not logged in!

Compare scores with friends on all Sporcle quizzes.
Sign Up with Email
OR
Log In

You Might Also Like...

Show Comments

Extras

Top Quizzes Today


Score Distribution

Your Account Isn't Verified!

In order to create a playlist on Sporcle, you need to verify the email address you used during registration. Go to your Sporcle Settings to finish the process.